000 01680nam a2200337 a 4500
001 BRCA_3206
005 20190320204150.0
008 260209s1747----enka---###---#000-0#eng-#
041 _aeng
044 _aenk
084 _a506
_b.C66
_c1747
100 1 _aCervantes Saavedra, Miguel de
_d1547-1616
_9213
245 1 0 _aThe History of the Renowned Don Quixote de la Mancha
_cWritten in Spanish by Miguel de Cervantes Saavedra.
260 _aLondres
_bM. Cooper
_c1747
300 _a4 v.
_bil.
_c18 cm.
_eláminas plegables
500 _aContenido : v.1. Primera parte. Precedido de noticia sobre el autor y prólogo de Cervantes. -- v.2. Texto. -- v.3. Segunda parte. Precedido de prólogo del autor. -- v. 4. Texto
500 _aEdición : Translated by several Hands. Revised a new from the best Spanish Edition to which are added Explanatory Notes from Jarvis, Oudin, Sobrino, Pineda, Gregorio and the Royal Academic Dictionary of Madrid
500 _aReproducción de la traducción de Motteux a la que acompañan las notas de Jarvis, Oudin y otras. Piel; lomos dorados con dorados Lúdovik Orterc
500 _aEstado físico : Encuadernación desprendida v. 3
500 _aQM740
546 _aTexto en : inglés
650 1 4 _aNovela española
_yÉpoca clásica, 1500-1700
_9215
650 1 4 _aLiteratura española
_yÉpoca clásica, 1500-1700
_9216
650 1 4 _aNovela española
_ySiglo XVII
_9217
650 1 4 _aDon Quijote (Personaje ficticio)
_eNovela
_9218
700 1 _aJarvis, Charles
_d?-1739
_eTraductor
_98588
700 1 _aOudin, Cesar
_d?-1625
_eTraductor
_98288
740 0 _aEl Ingenioso Hidalgo Don Quijote de la Mancha
902 _aQFM
942 _2lcc
_cB
999 _c2942
_d2942